<?xml version="1.0" encoding="UTF-8"?><?xml-stylesheet type="text/xsl" href="static/style.xsl"?><OAI-PMH xmlns="http://www.openarchives.org/OAI/2.0/" xmlns:xsi="http://www.w3.org/2001/XMLSchema-instance" xsi:schemaLocation="http://www.openarchives.org/OAI/2.0/ http://www.openarchives.org/OAI/2.0/OAI-PMH.xsd"><responseDate>2026-06-01T23:32:16Z</responseDate><request verb="GetRecord" identifier="oai:riuma.uma.es:10630/10328" metadataPrefix="marc">https://riuma.uma.es/rest/oai/request</request><GetRecord><record><header><identifier>oai:riuma.uma.es:10630/10328</identifier><datestamp>2026-02-03T12:24:00Z</datestamp><setSpec>com_10630_2254</setSpec><setSpec>col_10630_37959</setSpec></header><metadata><record xmlns="http://www.loc.gov/MARC21/slim" xmlns:dcterms="http://purl.org/dc/terms/" xmlns:doc="http://www.lyncode.com/xoai" xmlns:xsi="http://www.w3.org/2001/XMLSchema-instance" xsi:schemaLocation="http://www.loc.gov/MARC21/slim http://www.loc.gov/standards/marcxml/schema/MARC21slim.xsd">
   <leader>00925njm 22002777a 4500</leader>
   <datafield ind2=" " ind1=" " tag="042">
      <subfield code="a">dc</subfield>
   </datafield>
   <datafield ind2=" " ind1=" " tag="720">
      <subfield code="a">Villegas Fernández, Alejandro</subfield>
      <subfield code="e">author</subfield>
   </datafield>
   <datafield ind2=" " ind1=" " tag="720">
      <subfield code="a">González-Navarro, María Ángeles</subfield>
      <subfield code="e">author</subfield>
   </datafield>
   <datafield ind2=" " ind1=" " tag="720">
      <subfield code="a">Asenjo-Plaza, Rafael</subfield>
      <subfield code="e">author</subfield>
   </datafield>
   <datafield ind2=" " ind1=" " tag="720">
      <subfield code="a">Plata-González, Óscar Guillermo</subfield>
      <subfield code="e">author</subfield>
   </datafield>
   <datafield ind2=" " ind1=" " tag="260">
      <subfield code="c">2015-09-25</subfield>
   </datafield>
   <datafield ind2=" " ind1=" " tag="520">
      <subfield code="a">Los aceleradores gráficos (GPUs) se han convertido en procesadores de prop ́osito general muy populares para el cómputo de aplicaciones que presen- tan un gran paralelismo de datos. Su modelo de ejecución SIMT (Single Instruction - Multiple Thread) y su jerarquía de memoria son piezas clave en la alta eficiencia de estas arquitecturas, que permiten el manejo de cientos o miles de hilos de ejecución. La jerarquía de memoria está dividida en dos espacios direccionables: Una memoria local, pequeña, rápida y visible por un subconjunto de los hilos en ejecución; y una memoria global, mayor, más lenta y visible por todos los hilos. Sin embargo, el modelo de programación SIMT no es eficiente cuando hay que sincronizar este desbordante número de hilos para garantizar exclusión mútua en una sección crítica. Utilizar atómicos para implementar cerrojos es problemático e ineficiente en este tipo de modelo de programación.&#xd;
La memoria transaccional (TM) ha sido propuesta como una alternativa más fiable y eficiente que los cerrojos para esta sincronización. Con TM, se permite el acceso especulativo a la sección crítica, registrando los accesos a memoria, deshaciendo los cambios de aquellos hilos que han tenido un conflicto y reiniciando su ejecución. En este trabajo presentamos una solución TM hardware que sincroniza aquellos hilos de ejecución que comparten la memoria local. En las pruebas realizadas, el uso de TM permite conseguir aceleraciones superiores a las soluciones basadas en cerrojos de grano grueso, así como igualar a aquellas basadas en cerrojos de grano fino, pero con un menor esfuerzo de programación.</subfield>
   </datafield>
   <datafield ind1="8" ind2=" " tag="024">
      <subfield code="a">http://hdl.handle.net/10630/10328</subfield>
   </datafield>
   <datafield ind1="8" ind2=" " tag="024">
      <subfield code="a">http://orcid.org/0000-0002-1570-3863</subfield>
   </datafield>
   <datafield tag="653" ind2=" " ind1=" ">
      <subfield code="a">Arquitectura de computadores</subfield>
   </datafield>
   <datafield ind2="0" ind1="0" tag="245">
      <subfield code="a">Memoria Transaccional Hardware en Memoria Local de GPU</subfield>
   </datafield>
</record>
</metadata></record></GetRecord></OAI-PMH>